000 00886nam a2200265 i 4500
003 DO-SdBNP
005 20260119095552.0
007 ta
008 260119b2007 dr ac||| |||| 00| 0 spa d
040 _aDO-SdBNP
_bspa
_cBNPHU
_erda
041 _aspa
082 4 _axxx
_bxxx
_222
100 _aPérez, Odalis G.,
_eautor
_4aut.
_984642
245 1 0 _aArte surgente del Siglo XXI /
_cOdalís G. Pérez ; editor, Joaquín Rosario ; Corrección, Raysa Polanco
264 1 _aSanto Domingo :
_bHumano ARS,
_c2007.
300 _a152 páginas :
_bilustraciones, retratos ;
_c28 cm.
336 _atexto
_btxt
_2rdacontent
337 _asin mediación
_bn
_2rdamedia
338 _avolumen
_bnc
_2rdacarrier
590 _aInventariado, 2026/BT
700 1 _aRosario, Joaquín,
_eeditor
_4ed.
_988892
700 1 _aPolanco, Raysa,
_ecorrección
_4corr.
_962923
910 _aBtavárez
942 _2ddc
_cLBS1
999 _c60121
_d60121